Marvel Comics: Members of the Rangers by Picture - Statistics

General Stats
  • This quiz has been taken 18 times
  • The average score is 5 of 11
Answer Stats
Picture Answer % Correct
Armadillo
85%
Firebird
54%
Phantom Rider (Lincoln Slade)
54%
Phantom Rider (Hamilton Slade)
46%
Red Wolf
46%
Texas Twister
38%
Lightning
31%
Shooting Star
31%
Banshee the Horse
23%
Fifty-One
23%
Lobo
23%
No matching quizzes found
Score Distribution
Percent of People with Each Score
Percentile by Number Answered
Your Score History
You have not taken this quiz